Divided English Premier League (EPL) Team Name Puzzle - Statistics

General Stats
  • This quiz has been taken 506 times
  • The average score is 14 of 20
Answer Stats
Team Name % Correct
AST ONV ILLA Aston Villa
88%
LI VERP OOL Liverpool
88%
BRE NT FORD Brentford
84%
SUN DER LAND Sunderland
84%
POR TSM OUTH Portsmouth
83%
AR SEN AL Arsenal
80%
DE RBY COUNTY Derby County
80%
CH ELS EA Chelsea
77%
EV ER TON Everton
77%
WIM BLED ON Wimbledon
75%
BL ACKP OOL Blackpool
74%
CAR DIFF CITY Cardiff City
74%
BU RNL EY Burnley
71%
FU LH AM Fulham
66%
WI GAN ATHLETIC Wigan Athletic
60%
HU LL CITY Hull City
57%
ST OKE CITY Stoke City
57%
WA TFO RD Watford
53%
RE AD ING Reading
50%
BA RNS LEY Barnsley
48%
No matching quizzes found
Score Distribution
Percent of People with Each Score
Percentile by Number Answered
Your Score History
You have not taken this quiz